|
|
|
|
| LEADER |
00000nam a22000007a 4500 |
| 003 |
cru CIDCACS/IIS |
| 005 |
20230130111724.0 |
| 007 |
ta |
| 008 |
230130s1970 gt m||p|r|||| 00| 0 spa d |
| 040 |
|
|
|c cru CIDCACS/IIS
|
| 090 |
|
|
|a REV0730
|
| 110 |
2 |
|
|9 9490
|a Instituto Centroamericano de Estudios Políticos
|
| 245 |
1 |
|
|a Panorama Centroamericano:
|b reporte político /
|c Instituto Centroamericano de Estudios Políticos
|
| 260 |
|
|
|a Guatemala:
|b INCEP,
|c 1970-
|
| 500 |
|
|
|a EXISTENCIAS : 1985 (3-4) 1986 17 (1-10) 1987 18 (11-22) 1988 19 (23-33) 1989 20 (34-44) 1990 21 (45-55) 1991 22 (56-66) 1992 23 (67-70, 73-77) 1993 24 (78-88) 1994 25 (89-99) 1995 26 (100-110) 1996 27 (111-120) 1997 28 (122-129) 1998 (137-138)
|
| 500 |
|
|
|a Colección Centroamérica
|
| 650 |
|
0 |
|9 2520
|a CRISIS
|
| 650 |
|
0 |
|9 138
|a PAZ
|
| 650 |
|
4 |
|9 2686
|a POBLACION AGRICOLA
|
| 650 |
|
0 |
|9 1512
|a TRABAJADORES
|
| 650 |
|
0 |
|9 382
|a POLITICA INTERNACIONAL
|
| 650 |
|
0 |
|9 304
|a COMERCIO EXTERIOR
|
| 650 |
|
0 |
|9 38
|a DERECHOS HUMANOS
|
| 942 |
|
|
|2 ddc
|c PP
|
| 999 |
|
|
|c 44696
|d 44696
|